000 005050000a22001930004500
001 004512
003 MACL
005 20150929121158.0
008 150929b xxu||||| |||| 00| 0 eng d
040 _aMACL
_cMACL
041 _aEnglish
082 _a891/CHA
100 _aChoattopadhyay, Hiren
_912632
245 _aJagadish Gupta
_bMakers of indian literature
_cHiren Choattopadhyay
260 _aKolkata
_c2006
_bSahitya Akademi,
350 _a25
650 _aLiterature
_912633
942 _k891
_cBK
_2ddc
999 _c16401
_d16401